2019 ASHRAE Handbook Heating Ventilating and Air-Conditioning Applications
Saved in:
| Corporate Author | |
|---|---|
| Format | Electronic eBook |
| Language | Undetermined |
| Published |
[S.l.] :
American Society of Heating Refrigerating and Air-Conditioning Engineers Inc. (ASHRAE),
2019.
|
| Subjects | |
| Online Access | Full text |
| ISBN | 9781947192126 1947192124 9781947192133 1947192132 |
| Physical Description | 1 online resource |
Cover
| LEADER | 00000cam a22000007 4500 | ||
|---|---|---|---|
| 001 | kn-on1151993841 | ||
| 003 | OCoLC | ||
| 005 | 20240717213016.0 | ||
| 006 | m o d | ||
| 007 | cr cn||||||||| | ||
| 008 | 200422s2019 xx o ||| 0 und d | ||
| 040 | |a UX1 |b eng |c UX1 |d OCLCQ | ||
| 020 | |a 9781947192126 | ||
| 020 | |a 1947192124 | ||
| 020 | |a 9781947192133 | ||
| 020 | |a 1947192132 | ||
| 035 | |a (OCoLC)1151993841 |z (OCoLC)1151934118 | ||
| 245 | 0 | 0 | |a 2019 ASHRAE Handbook Heating Ventilating and Air-Conditioning Applications |h [electronic resource] / |c American Society of Heating Refrigerating and Air-Conditioning Engineers Inc. (ASHRAE). |
| 260 | |a [S.l.] : |b American Society of Heating Refrigerating and Air-Conditioning Engineers Inc. (ASHRAE), |c 2019. | ||
| 300 | |a 1 online resource | ||
| 500 | |a Title from content provider. | ||
| 506 | |a Plný text je dostupný pouze z IP adres počítačů Univerzity Tomáše Bati ve Zlíně nebo vzdáleným přístupem pro zaměstnance a studenty | ||
| 590 | |a Knovel |b Knovel (All titles) | ||
| 655 | 7 | |a elektronické knihy |7 fd186907 |2 czenas | |
| 655 | 9 | |a electronic books |2 eczenas | |
| 710 | 1 | |a American Society of Heating Refrigerating and Air-Conditioning Engineers Inc. (ASHRAE) | |
| 856 | 4 | 0 | |u https://proxy.k.utb.cz/login?url=https://app.knovel.com/hotlink/toc/id:kpASHRAEVC/2019-ashrae-handbook?kpromoter=marc |y Full text |